00365nam a22000977a 4500008004100000082001500041100000800056245015900064260003500223300000900258230612b xxu||||| |||| 00| 0 eng d a352.4bGok cGOK a2008/2009 District Allocation Budget and project details of the GOK For the Year Ending 30th June 2009bVote R20 and D20cMinistry of Water and Irrigation aNairobi, KenyabGOKcJune 2009 a218p